000 01054nam a22002537a 4500
001 22176
005 20260407103646.0
008 260406b |||||||| |||| 00| 0 spa d
041 _aESP
082 _a658.848
_bC36 2020
100 _aCateora, Philip R.
245 _aInternational marketing
260 _a :
_b ,
_c2020
300 _axxxii, 682 páginas :
_b ;
_c28 cm.
440 _a ;
650 _aCIS
654 _aCAN
700 _a;
856 _uhttps://itmsp.museknowledge.com/UCSP?url=https://www.ebooks7-24.com:443/?il=10413&pg=1
_zVersión digital
856 _uhttps://0u213vgb8-y-https-ebooks7--24-com.itmsp.museknowledge.com/biblioteca.aspx
_zVéase además: Base de datos Ebook7-24
856 _uhttps://0u20fvga0-y-https-research-ebsco-com.itmsp.museknowledge.com/c/qxo6us/search
_zVéase además: Base de datos EBSCOhost
856 _uhttps://0u20vvgbj-y-https-ebookcentral-proquest-com.itmsp.museknowledge.com/lib/catolicasp/home.action
_zVéase además: Base de datos ProQuest Ebook Central
942 _cLIB
_dJUS
_fJUS
_n0
_2ddc
999 _c22176
_d22176